000 00257nam a2200097Ia 4500
001 683449
005 20250826161438.0
008 250824s9999 xx 000 0 und d
245 0 _aSENİN BAŞARI SERÜVENİN
_cBORA SERHAT ÇELİK
260 _bTİMAŞ YAYINLARI
999 _c683449
_d683449